<?xml version="1.0" encoding="UTF-8"?>
<record
    xmlns:xsi="http://www.w3.org/2001/XMLSchema-instance"
    xsi:schemaLocation="http://www.loc.gov/MARC21/slim http://www.loc.gov/standards/marcxml/schema/MARC21slim.xsd"
    xmlns="http://www.loc.gov/MARC21/slim">

  <leader>01830nam0a2200337 i 4500</leader>
  <controlfield tag="001">RU\NLR\BIBL_A\010875868</controlfield>
  <controlfield tag="005">20260406023314.0</controlfield>
  <datafield tag="010" ind1=" " ind2=" ">
    <subfield code="a">9785222247341</subfield>
    <subfield code="9">2500</subfield>
  </datafield>
  <datafield tag="021" ind1=" " ind2=" ">
    <subfield code="a">RU</subfield>
    <subfield code="b">2015-74268</subfield>
    <subfield code="9">4474</subfield>
  </datafield>
  <datafield tag="035" ind1=" " ind2=" ">
    <subfield code="a">(NLR Aleph) 010875868</subfield>
  </datafield>
  <datafield tag="090" ind1=" " ind2=" ">
    <subfield code="a">10480399</subfield>
    <subfield code="c">10480399</subfield>
  </datafield>
  <datafield tag="100" ind1=" " ind2=" ">
    <subfield code="a">20151026d2015    u  y0rusy50      ca</subfield>
  </datafield>
  <datafield tag="101" ind1="0" ind2=" ">
    <subfield code="a">eng</subfield>
    <subfield code="a">rus</subfield>
  </datafield>
  <datafield tag="102" ind1=" " ind2=" ">
    <subfield code="a">RU</subfield>
  </datafield>
  <datafield tag="105" ind1=" " ind2=" ">
    <subfield code="a">a|||j|||000yy</subfield>
  </datafield>
  <datafield tag="200" ind1="1" ind2=" ">
    <subfield code="a">&#x410;&#x43D;&#x433;&#x43B;&#x438;&#x439;&#x441;&#x43A;&#x438;&#x439; &#x44F;&#x437;&#x44B;&#x43A; &#x434;&#x43B;&#x44F; &#x434;&#x435;&#x43B;&#x43E;&#x432;&#x43E;&#x433;&#x43E; &#x43E;&#x431;&#x449;&#x435;&#x43D;&#x438;&#x44F;</subfield>
    <subfield code="d">Learning business communication in English</subfield>
    <subfield code="e">&#x443;&#x447;&#x435;&#x431;&#x43D;&#x43E;&#x435; &#x43F;&#x43E;&#x441;&#x43E;&#x431;&#x438;&#x435; &#x434;&#x43B;&#x44F; &#x441;&#x442;&#x443;&#x434;&#x435;&#x43D;&#x442;&#x43E;&#x432;, &#x43E;&#x431;&#x443;&#x447;&#x430;&#x44E;&#x449;&#x438;&#x445;&#x441;&#x44F; &#x43F;&#x43E; &#x443;&#x43A;&#x440;&#x443;&#x43F;&#x43D;&#x435;&#x43D;&#x43D;&#x44B;&#x43C; &#x43D;&#x430;&#x43F;&#x440;&#x430;&#x432;&#x43B;&#x435;&#x43D;&#x438;&#x44F;&#x43C; "&#x42D;&#x43A;&#x43E;&#x43D;&#x43E;&#x43C;&#x438;&#x43A;&#x430; &#x438; &#x443;&#x43F;&#x440;&#x430;&#x432;&#x43B;&#x435;&#x43D;&#x438;&#x435;", "&#x421;&#x435;&#x440;&#x432;&#x438;&#x441; &#x438; &#x442;&#x443;&#x440;&#x438;&#x437;&#x43C;"</subfield>
    <subfield code="e">&#x441;&#x43E;&#x43E;&#x442;&#x432;&#x435;&#x442;&#x441;&#x442;&#x432;&#x443;&#x435;&#x442; &#x424;&#x435;&#x434;&#x435;&#x440;&#x430;&#x43B;&#x44C;&#x43D;&#x43E;&#x43C;&#x443; &#x433;&#x43E;&#x441;&#x443;&#x434;&#x430;&#x440;&#x441;&#x442;&#x432;&#x435;&#x43D;&#x43D;&#x43E;&#x43C;&#x443; &#x43E;&#x431;&#x440;&#x430;&#x437;&#x43E;&#x432;&#x430;&#x442;&#x435;&#x43B;&#x44C;&#x43D;&#x43E;&#x43C;&#x443; &#x441;&#x442;&#x430;&#x43D;&#x434;&#x430;&#x440;&#x442;&#x443; (&#x442;&#x440;&#x435;&#x442;&#x44C;&#x435;&#x433;&#x43E; &#x43F;&#x43E;&#x43A;&#x43E;&#x43B;&#x435;&#x43D;&#x438;&#x44F;)</subfield>
    <subfield code="f">&#x421;. &#x418;. &#x413;&#x430;&#x440;&#x430;&#x433;&#x443;&#x43B;&#x44F;</subfield>
    <subfield code="z">eng</subfield>
  </datafield>
  <datafield tag="205" ind1=" " ind2=" ">
    <subfield code="a">&#x418;&#x437;&#x434;. 2-&#x435;</subfield>
  </datafield>
  <datafield tag="210" ind1=" " ind2=" ">
    <subfield code="a">&#x420;&#x43E;&#x441;&#x442;&#x43E;&#x432;-&#x43D;&#x430;-&#x414;&#x43E;&#x43D;&#x443;</subfield>
    <subfield code="c">&#x424;&#x435;&#x43D;&#x438;&#x43A;&#x441;</subfield>
    <subfield code="d">2015</subfield>
  </datafield>
  <datafield tag="215" ind1=" " ind2=" ">
    <subfield code="a">268 &#x441;.</subfield>
    <subfield code="c">&#x438;&#x43B;.</subfield>
    <subfield code="d">21</subfield>
  </datafield>
  <datafield tag="225" ind1="1" ind2=" ">
    <subfield code="a">&#x421;&#x435;&#x440;&#x438;&#x44F; &#x412;&#x44B;&#x441;&#x448;&#x435;&#x435; &#x43E;&#x431;&#x440;&#x430;&#x437;&#x43E;&#x432;&#x430;&#x43D;&#x438;&#x435;</subfield>
  </datafield>
  <datafield tag="320" ind1=" " ind2=" ">
    <subfield code="a">&#x411;&#x438;&#x431;&#x43B;&#x438;&#x43E;&#x433;&#x440;.: &#x441;. 263-265 (27 &#x43D;&#x430;&#x437;&#x432;.)</subfield>
  </datafield>
  <datafield tag="510" ind1="1" ind2=" ">
    <subfield code="6">z22790</subfield>
    <subfield code="a">Learning business communication in English</subfield>
    <subfield code="z">eng</subfield>
  </datafield>
  <datafield tag="606" ind1=" " ind2=" ">
    <subfield code="a">&#x410;&#x43D;&#x433;&#x43B;&#x438;&#x439;&#x441;&#x43A;&#x438;&#x439; &#x44F;&#x437;&#x44B;&#x43A;</subfield>
    <subfield code="j">&#x423;&#x447;&#x435;&#x431;&#x43D;&#x44B;&#x435; &#x438;&#x437;&#x434;&#x430;&#x43D;&#x438;&#x44F; &#x434;&#x43B;&#x44F; &#x432;&#x44B;&#x441;&#x448;&#x438;&#x445; &#x443;&#x447;&#x435;&#x431;&#x43D;&#x44B;&#x445; &#x437;&#x430;&#x432;&#x435;&#x434;&#x435;&#x43D;&#x438;&#x439;</subfield>
    <subfield code="x">&#x421;&#x442;&#x438;&#x43B;&#x438;&#x441;&#x442;&#x438;&#x43A;&#x430; &#x434;&#x435;&#x43B;&#x43E;&#x432;&#x43E;&#x439; &#x440;&#x435;&#x447;&#x438;</subfield>
    <subfield code="9">2410680</subfield>
    <subfield code="3">RU\NLR\AUTH\661436345</subfield>
  </datafield>
  <datafield tag="675" ind1=" " ind2=" ">
    <subfield code="a">811.111</subfield>
  </datafield>
  <datafield tag="686" ind1="1" ind2=" ">
    <subfield code="a">&#x428;143.21-93&#x440;&#x443;&#x441;3-70</subfield>
  </datafield>
  <datafield tag="700" ind1=" " ind2="1">
    <subfield code="8">rus</subfield>
    <subfield code="7">ca</subfield>
    <subfield code="a">&#x413;&#x430;&#x440;&#x430;&#x433;&#x443;&#x43B;&#x44F;</subfield>
    <subfield code="b">&#x421;. &#x418;.</subfield>
    <subfield code="g">&#x421;&#x435;&#x440;&#x433;&#x435;&#x439; &#x418;&#x432;&#x430;&#x43D;&#x43E;&#x432;&#x438;&#x447;</subfield>
    <subfield code="3">RU\NLR\AUTH\77124850</subfield>
    <subfield code="9">107775</subfield>
  </datafield>
  <datafield tag="790" ind1=" " ind2="1">
    <subfield code="8">rus</subfield>
    <subfield code="7">ba</subfield>
    <subfield code="a">Garagulja</subfield>
    <subfield code="b">S. I.</subfield>
    <subfield code="g">Sergej Ivanovi&#x10D;</subfield>
    <subfield code="3">RU\NLR\AUTH\77124855</subfield>
    <subfield code="9">107780</subfield>
  </datafield>
  <datafield tag="942" ind1=" " ind2=" ">
    <subfield code="c">BOOK</subfield>
  </datafield>
  <datafield tag="980" ind1=" " ind2=" ">
    <subfield code="a">NBR</subfield>
  </datafield>
</record>
